00603nam a22002297a 450000500170000001000130001702000100003003500130004003700160005304000120006908200190008110000230010024500420012324600370016526000530020227000140025530000190026965000240028865000260031265000200033865000150035820170123162338.0 aB-070039 c80.00 aB-070039 bCen Lib/Ret bURaDPL a842bم ح م  aموحمد حسن  aنے ڈرامے /cموحمد حسن  aNaye drame /bby Mohammad Hasan  bمقتبہ محباب اردو c2003aدہلی  bدہلی  a120pc21cm(Hb) aادب -- اردو  aاردو ڈرامے  aUrdu literature aurdu drame